000 00637cam a2200181 4500500
005 20260329002427.0
041 _afre
042 _adc
100 1 0 _aSpivak, Gayatri Chakravorty
_eauthor
245 0 0 _aGayatri Chakravorty Spivak: “C’est la volon​té d’entendre mon ancêtre qui m’a engagée sur cette voie”
260 _c2012.
500 _a60
690 _aGayatri Spivak
690 _aSpivak
690 _aSubalterne
786 0 _nPhilosophie magazine | 60 | 6 | 2012-06-01 | p. 31-31 | 1951-1787
856 4 1 _uhttps://shs.cairn.info/magazine-philosophie-magazine-2012-6-page-31?lang=fr&redirect-ssocas=7080
999 _c1814822
_d1814822